Statistics for Gamer1162's Famous Dictators Quiz - #3

Click here to take the quiz!

General Stats

  • This quiz has been taken 117 times
  • The average score is 7 of 22

Answer Stats

DictatorCountry% Correct
Raúl CastroCuba
88%
Nicolás MaduroVenezuela
86%
Alexander LukashenkoBelarus
82%
Vidkun QuislingNorway
52%
Daniel OrtegaNicaragua
47%
Ngô Dinh DiemSouth Vietnam
44%
Mohamed MorsiEgypt
42%
Porfirio DíazMexico
40%
José Eduardo dos SantosAngola
30%
Paul BiyaCameroon
28%
Konstantin PätsEstonia
26%
Omar BongoGabon
24%
Horloogiyn ChoybalsanMongolia
22%
Yahya JammehGambia
21%
Kenneth KaundaZambia
20%
Antanas SmetonaLithuania
18%
Frank BainimaramaFiji
14%
Albert RenéSeychelles
14%
Maximiliano MartínezEl Salvador
12%
Eric GairyGrenada
12%
Romuald TrauguttPoland
10%
Augusto LeguíaPeru
7%

Score Distribution

Percentile by Number Answered

Percent of People with Each Score

Your Score History

You have not taken this quiz